000 00516nam a2200157Ia 4500
008 100122s9999 xx 000 0 und d
082 _b40295
_a520
100 _aपरांजपे सुरेश
245 _aआकाश दैनंदिनी 1987
260 _bपृथ्वी प्रकाशन
_c1986
300 _a48
630 _aआकाश दैनंदिनी 1987
700 _aमोने हेमंत
730 _aआकाश दैनंदिनी 1987
942 _cBOOK
999 _c421192
_d421189